00684nam a22001937a 4500999001900000005001700019010001500036020002600051035001400077037001300091082001200104100001700116245006200133260003500195270008700230300002500317942002600342952012200368 c191107d19110720220818145109.0 aENG-134505 a9788192238579c490.00 aEN-118037 bDBAD/PUB a881.912 aMishra, S.D. aT.S. Eliot: The Rejuvenator of Poetic Drama/cS.D. Mishra aDelhibHemadri Prakashanc2012 a1/1955, Street No. 22-A, East Ram Nagar Near Durga Mandir, ShahdarabDelhie110032 axii, 164p.c22cm(hb) 2ddccENh881.912mMIS 001040708NFICaAVbAVd2022-08-18eDBAD/PUBg490.00l0o881.912 MISpEN-118037r2022-08-18 00:00:00t1v490.00yEN